Statistiques concernant La Révolution tranquille au Québec

Cliquez ici pour prendre le quiz!

Statistiques générales

  • Ce quiz a été pris 25 fois
  • Le résultat moyen est 14 sur 22

Statistiques - réponses

HintRéponse% Correct
Quel nom est donné, au Québec, à la période de 1944 à 1959 qui précède la Révolution tranquille ?La Grande Noirceur
100%
Le décès de quel premier ministre marque la fin de cette période ?Maurice Duplessis
100%
Quel groupe terroriste est responsable de cet enlèvement ?Front de libération du Québec
82%
Comment se nomme la société d’État ainsi chargée d’assurer la distribution de l’électricité dans toute la province ?Hydro-Québec
82%
Qui est la tête du parti Libéral au moment de son élection en 1960 ?Jean Lesage
82%
En 1955, une émeute éclate à Montréal en raison de la suspension de quel joueur de la Ligue nationale de hockey ?Maurice Richard
82%
Quel éminent ministre démissionne du parti Libéral pour fonder le Mouvement souveraineté-association, qui deviendra plus tard le Parti québécois ?René Lévesque
82%
En 1967 est mis sur pieds un réseau de collèges publiques et abordables pour l’ensemble des Québécois. Sous quel acronyme sont connus ces établissements ?CÉGEP
73%
Comment appelle-t-on la crise causée par l’enlèvement du diplomate James Richard Cross du ministre Pierre Laporte en 1970 ?La crise d’Octobre
73%
Quel fameux slogan arbore le parti au moment de sa réélection en 1962 ?Maitres chez nous
73%
Quel Premier ministre fait adopter la loi 22 sur la langue officielle en 1974 ?Robert Bourassa
64%
La loi 22 est supplantée la même année par la Charte de la langue française, plus communément connue sous quel nom ?La loi 101
55%
Quel nom est donné à la nuit qui précède la signature de l’entente autorisant le rapatriement de la Constitution du Canada avec l’assentiment de toutes les provinces sauf le Québec ?La nuit des longs couteaux
55%
Quel manifeste s’opposant à l’ultramontanisme est publié en 1948 par les Automatistes ?Le manifeste du Refus global
55%
Quel surnom donne-t-on à son gouvernement, auquel on doit la nationalisation de l’électricité ?L’équipe du tonnerre
55%
Le camp du Non remporte le référendum de 1980 sur l’indépendance du Québec, quel pourcentage de voix obtient le camp du Oui ?40,44%
45%
Complétez cette célèbre réplique du chef du Parti Québécois à son élection en 1976 : « J’ai jamais pensé que je pouvais être _____ ____ _’____ _________ que ce soir. »aussi fier d’être Québécois
45%
La création du Parti Québécois est le fruit de l’union du MSA, du Ralliement national et de quel autre parti souverainiste ?Rassemblement pour l’indépendance nationale
45%
Quel célèbre peintre et professeur de l’École des Beaux-Arts en rédige le texte éponyme ?Paul-Émile Borduas
36%
Quel poème dénonçant le mépris des Canadiens anglais envers les Québécois est lu par Michelle Lalonde le soir de la Nuit de la poésie ?Speak White
36%
En 1983, une loi spéciale signale la fin de la grève de la fonction publique, marquant un virage décisif des principes de l’État providence de la Révolution tranquille. Comment s’appelle l’union des trois grandes centrales syndicales de ce mouvement ?Le Front commun
27%
La fondation de quelle institution financière en 1965 permet au Québec d’administrer lui-même son Régime de rentes ?La Caisse de dépôt et placement du Québec
18%

Distribution des résultats

Percentile par nombre de réponses

% des personnes avec chaque résultat

Votre développement - résultats

Vous n’avez pas pris ce quiz